| 000 | 00965cam a22002531i 4500 | ||
|---|---|---|---|
| 001 | sa 68020784 | ||
| 003 | DLC | ||
| 005 | 20260227112727.0 | ||
| 008 | 801203s1967 ii a 000 0 tibo | ||
| 010 | _asa 68020784 | ||
| 020 | _cRs13.50 | ||
| 025 | _aPL480: I-Tib-147 | ||
| 035 | _a(OCoLC)6992832 | ||
| 040 |
_aDLC _cInU _dDLC |
||
| 042 | _apremarc | ||
| 050 | 0 | 0 |
_aBQ7695 _b.L75 |
| 130 | 0 |
_aSmon lam rnam dgu _kSelections. |
|
| 245 | 1 | 0 |
_aLtuṅ bśags : _bSpyi bśags, Gtso rgyal ma, Bzaṅ spyod, Byams smon, Spyod ʼjug, Thog mthaʼ ma, Bde smon, Byams paʼi sku gzugs, Bde chen lhun grub, Bar doʼi gsol ʼdebs, Blo bzaṅ rgyas bstan ma, Rje Rin po cheʼi bstan pa daṅ mjal paʼi smon lam bcas bźugs so. |
| 260 |
_a[Ldi-lli : _bLha-dbaṅ-nor-bu daṅ Groṅ-rog-lha-mo, _c1967?] |
||
| 300 |
_a134 p. : _bill. ; _c8 x 30 cm. |
||
| 500 | _aIn Tibetan. | ||
| 650 | 0 |
_aDge-lugs-pa (Sect) _vPrayers and devotions. |
|
| 650 | 0 |
_aTibetan language _vTexts. |
|
| 999 |
_c89586 _d89586 |
||